| 000 | 00895cam a2200289 a 4500 | ||
|---|---|---|---|
| 008 | 140507s1995 fr b 000 0 fre d | ||
| 010 | _a 91212123 | ||
| 020 | _a2130625681 | ||
| 020 | _a9782130625681 | ||
| 040 |
_aEG-GiCUC _bfre _cEG-GiCUC |
||
| 050 | 0 | 0 |
_aP301 _b.R345 1995 |
| 092 | 0 | 4 |
_a808.061 _bR292 1995 _221 |
| 099 |
_a04 _a808.061 R292 1995 |
||
| 100 | 1 | _aReboul, Olivier. | |
| 245 | 1 | 0 |
_aIntroduction a la rhetorique : _btheorie et pratique / _cOlivier Reboul. |
| 250 | _a2e ed. | ||
| 260 |
_aParis : _bPresses universitaires de France, _cc1995. |
||
| 300 |
_aviii, 242 p. ; _c22 cm. |
||
| 440 | 0 | _aCollection Premier cycle | |
| 504 | _aIncludes bibliographical references (p. [229]-230) and index. | ||
| 650 | 0 | _aRhetoric. | |
| 902 | _a1 | ||
| 905 |
_aIbrahim _eRev |
||
| 905 |
_aJamal _eCat. |
||
| 942 |
_2ddc _cBK |
||
| 999 |
_c133498 _d133498 |
||